№ 6; Известия вузов. Цветная металлургия

Bibliographic Details
Parent link:Известия вузов. Цветная металлургия=Russian Journal of Non-Ferrous Metals: научно-технический журнал/ Национальный исследовательский технологический университет "МИСиС". № 6.— , 1958-
Language:Russian
Published: 2013
Format: Book
KOHA link:https://koha.lib.tpu.ru/cgi-bin/koha/opac-detail.pl?biblionumber=528330

MARC

LEADER 00000nam2a2200000 4500
001 528330
005 20231101112047.0
035 |a (RuTPU)RU\TPU\prd\213416 
090 |a 528330 
100 |a 20140218a19589999k y0rusy50 ca 
101 0 |a rus 
102 |a RU 
200 0 |a № 6 
210 |d 2013 
461 1 |0 (RuTPU)RU\TPU\prd\46067  |t Известия вузов. Цветная металлургия  |l Russian Journal of Non-Ferrous Metals  |o научно-технический журнал  |v № 6  |f Национальный исследовательский технологический университет "МИСиС"  |d 1958- 
801 0 |a RU  |b 63413507  |c 20010227  |g PSBO 
801 1 |a RU  |b 63413507  |c 20140218 
801 2 |a RU  |b 63413507  |c 20230505  |g RCR 
942 |c BK 
999 |a НТБ_ТПУ  |b НФ  |e -1/20140109  |p П-6307о  |s 3/20130508  |u 0,00  |v 1